Издание Православного Кишиневского Христо-рождественского братства (Запись № 4851117)

Подробности
000 -МАРКЕР
контрольное поле 01624nam1a22002651i 4500
001 - ИДЕНТИФИКАТОР ЗАПИСИ
контрольное поле v19\rc\2047945
005 - ИДЕНТИФИКАТОР ВЕРСИИ
контрольное поле 20260406203712.0
035 ## - ДРУГИЕ СИСТЕМНЫЕ НОМЕРА
Идентификатор записи (NLR Aleph) 005145858
100 ## - ДАННЫЕ ОБЩЕЙ ОБРАБОТКИ
Данные общей обработки 20081111g19061916|||y0rusy50 ca
101 0# - ЯЗЫК РЕСУРСА
Язык текста, звукозаписи и т.д. русский
-- молдавский
102 ## - СТРАНА ПУБЛИКАЦИИ ИЛИ ПРОИЗВОДСТВА
Страна публикации Российская Федерация
105 ## - ПОЛЕ КОДИРОВАННЫХ ДАННЫХ: ТЕКСТОВЫЕ МАТЕРИАЛЫ, МОНОГРАФИЧЕСКИЕ
Кодированные данные о монографическом текстовом документе y z |||||
200 1# - ЗАГЛАВИЕ И СВЕДЕНИЯ ОБ ОТВЕТСТВЕННОСТИ
Основное заглавие Издание Православного Кишиневского Христо-рождественского братства
Сведения, относящиеся к заглавию № 132-
210 ## - ПУБЛИКАЦИЯ, РАСПРОСТРАНЕНИЕ И ДР.
Место издания, распространения и т.д. Кишинев
Дата издания, распространения и т.д. ц1906-ц1916-1916
300 ## - ОБЩИЕ ПРИМЕЧАНИЯ
Текст примечания Загл. в № 444-447: "Издание Совета Христо-рождественского братства", в № 448: "Издание Совета Кишиневского Христо-рождественского братства", с № 450: "Издание Совета Кишиневского православного Христо-рождественского братства", в №№ 147-442 общ. загл. отсутствует
300 ## - ОБЩИЕ ПРИМЕЧАНИЯ
Текст примечания В №№ 138-178, 326, 343-349, 351-380, 409-410, 412-426, 428-434, 436-442, 444-448, 450-456, 458, 460-465, 494, и с № 496 текст парал. на рус. и молд. яз.
300 ## - ОБЩИЕ ПРИМЕЧАНИЯ
Текст примечания №№ 4, 5, 9, 11, 15, 22 по инвентарю не числятся
309 ## - ПРИМЕЧАНИЯ ОБ ОСНОВНОМ ИСТОЧНИКЕ ИНФОРМАЦИИ И ОБ ОСОБЕННОСТЯХ ПОЛИГРАФИЧЕСКОГО ОФОРМЛЕНИЯ ИЗДАНИЯ
Текст примечания Без тит. л. и обл.
710 02 - НАИМЕНОВАНИЕ ОРГАНИЗАЦИИ - ПЕРВИЧНАЯ ОТВЕТСТВЕННОСТЬ
Начальный элемент ввода Кишиневское православное Христо-Рождественское братство
Идентификатор авторитетной/нормативной записи RU\NLR\AUTH\889963963
Системный номер авторитетной/нормативной записи 424166
801 #0 - ИСТОЧНИК ЗАПИСИ
Страна Российская Федерация
Организация NLR
Правила каталогизации psbo
801 #1 - ИСТОЧНИК ЗАПИСИ
Страна Российская Федерация
Организация ProSoft-M
Источник данных rusmarc
852 ## - МЕСТОНАХОЖДЕНИЕ И ШИФР ХРАНЕНИЯ
Идентификатор организации NLR
Шифр хранения (Call Number) 20.109.9.24
852 ## - МЕСТОНАХОЖДЕНИЕ И ШИФР ХРАНЕНИЯ
Идентификатор организации NLR
Шифр хранения (Call Number) +Шифры разные
942 ## - ДОПОЛНИТЕЛЬНЫЕ ЭЛЕМЕНТЫ ЗАПИСИ (АБИС)
Тип экземпляра АБИС Книга

Нет доступных экземпляров.